000 01944nam a2200301 4500
003 NALT
005 20251224110222.0
008 251222b th ||||| |||| 00| 0 tha d
020 _a9786160840946
040 _aNALT
050 _aHF 5415.1265
_bม337ช 2564
100 0 _aมัณฑิตา จินดา.
_946508
245 1 0 _aใช้ facebook ถูกวิธียอดขายดีขึ้น 100 เท่า /
_cมัณฑิตา จินดา.
250 _aพิมพ์ครั้งที่ 16.
260 _aกรุงเทพฯ :
_bซีเอ็ดยูเคชั่น,
_c2564.
300 _a270 หน้า :
_bภาพประกอบ, แผนภูมิ ;
_c21 ซม.
505 2 _a1. Facebook ยังเวิร์กอยู่จริงหรือ -- 2. เจาะสมอง Facebook -- 3. รู้จักลูกค้าบนโลกออนไลน์ -- 4. 10 เทคนิคเอาชนะ Facebook (แบบไม่เสียเงิน) -- 5. สร้างคอนเทนต์ให้แตกต่าง วางบนทำเลใหม่ ๆ -- 6. ถอดรหัสโฆษณา Facebook -- 7. เตรียมความพร้อมก่อนยิงโฆษณา Facebook -- 9. 5 เคล็ดวิชายิงโฆษณาให้มีประสิทธิภาพ.
650 4 _aการตลาดอินเทอร์เน็ต
_93557
650 4 _aการพาณิชย์อิเล็กทรอนิกส์
_9735
650 4 _aเฟซบุ๊ค
_931509
650 4 _aการขาย
_93309
650 4 _aการส่งเสริมการขาย
_921523
942 _2lcc
_cGB
996 _ajidapa.t
_bACQSTF
_c2025-12-22
996 _avaree.k
_bLIBSTF
_c2025-12-23
996 _asaiphon.d
_bCATSTF
_c2025-12-24
999 _c107584
_d107584
998 _j104
_k นางสาวสายฝน ดีงาม